Japanese industrial negotiations

Đã lưu trong:
Sonraí Bibleagrafaíochta
Príomhúdar: Smit, Gideon J.
Formáid: Leabhar
Teanga:Undetermined
Foilsithe: Tokyo 1986
Ábhair:
Clibeanna: Cuir Clib Leis
Gan Chlibeanna, Bí ar an gcéad duine leis an taifead seo a chlibeáil!
Thư viện lưu trữ: Trung tâm Học liệu Trường Đại học Cần Thơ
LEADER 00478nam a2200181Ia 4500
001 CTU_105011
008 210402s9999 xx 000 0 und d
082 |a 382.0952 
082 |b S642 
100 |a Smit, Gideon J. 
245 0 |a Japanese industrial negotiations 
245 0 |c Gideon J. Smit 
260 |a Tokyo 
260 |c 1986 
650 |a Developing countries 
650 |x Commercial policy 
904 |i Truc 
980 |a Trung tâm Học liệu Trường Đại học Cần Thơ